LEADER 01787nam0 22003731i 450 001 UON00529632 005 20260324013644.444 010 $a978-90-429-4683-5 100 $a20251103d2023 |0itac50 ba 101 $afre 102 $aNL 105 $a|||| ||||| 200 1 $aSangtarashan$el'a?ge du fer au Pish Kuh du Luristan par Zahra Hashemi, Malikz?dah, Mihrd?d, Ata Hasanpour ; avec une e?tude par Francesca Manclossi ; édité par Bruno Overlaet 210 $aLeuven$cPeeters$d2023 215 $a ix, 331 p$cill , mappe$d32 cm. 300 $aActa Iranica ; 62).) 410 1$1001UON00000273$12001 $aActa Iranica$eEncyclopédie permanente des études iraniennes$1300 $aDal 1979 pubblicata dal Centre International d'Etudes Indo-iraniennes di Liegi, poi Peeters$v62 606 $aEtà del bronzo$xIran$3UONC098340$2FI 606 $aEtà del ferro$xIran$3UONC098343$2FI 620 $aBE$dLouvain$3UONL000316 700 1$aHashemi$bZahra$f1987-$3UONV298495$01898695 701 1$aHasanpour$bAta$f1978-...$3UONV298497$01898696 701 1$aMalikz?dah$bMihrd?d$3UONV298496$01898697 701 1$aManclossi$bFrancesca$3UONV298498$01794622 702 1$aOverlaet$bBruno J.$3UONV013822 712 $aPeeters$3UONV245906$4650 801 $aIT$bSOL$c20260403$gRICA 899 $aSIBA - SISTEMA BIBLIOTECARIO DI ATENEO E ARCHIVIO STORICO$2UONSI 912 $aUON00529632 950 $aSIBA - SISTEMA BIBLIOTECARIO DI ATENEO E ARCHIVIO STORICO$eSI 54198 5 951 $aSIBA - SISTEMA BIBLIOTECARIO DI ATENEO E ARCHIVIO STORICO$bSI2025415 1J 20251103DDT n°10 del 06/03/2026 996 $aSangtarashan$94556706 997 $aUNIOR 998 $a1